| 000 | 00445cam a2200169ua 4500 | ||
|---|---|---|---|
| 020 | _c750.00 | ||
| 041 |
_aeng _h |
||
| 082 |
_a551.492 _bSUR/WA |
||
| 100 | _aSuresh, Lal . | ||
| 245 |
_aWatershed : development, management and technology / _cSuresh Lal. _hTextual Documents |
||
| 260 |
_aJaipur : _bMangal Deep publications , _c2004. |
||
| 300 | _a358 ; . | ||
| 365 | _a750.00 | ||
| 504 | _a | ||
| 942 | _cBK | ||
| 999 |
_c13216 _d13216 |
||